| 000 | 00797cam a2200313 4500 | ||
|---|---|---|---|
| 001 | ABS68215 | ||
| 008 | 040920n2004 000 0 eng u | ||
| 035 | _a(Sirsi) u127463 | ||
| 245 | _aRegional survey: Berkshire | ||
| 260 | _c2004 | ||
| 490 |
_aProperty Week _v69(37) 10 September 2004, 61-86(13) |
||
| 590 | _aABS | ||
| 590 | _aABS | ||
| 650 | _aBERKSHIRE | ||
| 650 | _aREADING | ||
| 650 | _aPROPERTY-COMMERCIAL PROPERTY-RETAIL PROPERTY-RETAIL PROPERTY MARKET | ||
| 650 | _aBRACKNELL | ||
| 650 | _aWOKINGHAM | ||
| 650 | _aMAIDENHEAD | ||
| 650 | _aNEWBURY | ||
| 650 | _aTHATCHAM | ||
| 650 | _aOFFICE MARKET | ||
| 650 | _aSLOUGH | ||
| 650 | _aWINDSOR | ||
| 650 | _aREGENERATION | ||
| 650 | _aINDUSTRIAL MARKET | ||
| 690 | _aCOMMERCIAL PROPERTY-MARKET | ||
| 942 | _n0 | ||
| 999 |
_c118021 _d118021 |
||